Viaje al pueblo de las treinta señoritas /

Gespeichert in:
Bibliographische Detailangaben
1. Verfasser: Rodoreda, Mercè (autor)
Weitere Verfasser: Torrent, Dani (ilustración) (ilustración), Riera, Carme (traducción) (traducción)
Format: Buch
Sprache:Spanisch
Veröffentlicht: Barcelona, España : Comanegra, 2019, c2019
Schlagworte:
Tags: Tag hinzufügen
Keine Tags, Fügen Sie das erste Tag hinzu!

MARC

LEADER 00000nam^a2200000^a^4500
001 000434353
005 20250521000000.0
009 20260310123104.343
020 |a 978-84-18022-16-6 
037 |a Acervo ITESO - Biblioteca 
041 |a ESP 
082 |a 808. 899282  |b ROD 
100 |a Rodoreda, Mercè  |e (autor) 
245 1 0 |a Viaje al pueblo de las treinta señoritas /  |c M. Rodoreda ; il. de D. Torrent ; tr. por C. Riera. 
264 4 |a Barcelona, España :  |b Comanegra,  |c 2019, c2019 
300 |a [52 p.] 
336 |a texto  |b txt  |2 rdacontenido 
337 |a sin mediación  |b n  |2 rdamedio 
338 |a volumen  |b nc  |2 rdasoporte 
500 |a Traducción de: Viatge al poble de les trenta senyoretes 
649 |a XX 
650 |a Cuentos Infantiles -  |z Cataluña, España 
650 |a Cuentos Infantiles -  |z España 
650 |a Cuentos Catalanes 
650 |a Cuentos Españoles 
650 |a Literatura Infantil -  |z Cataluña, España 
650 |a Literatura Infantil -  |z España 
650 |a Literatura de Mujeres -  |z Cataluña, España 
650 |a Literatura de Mujeres -  |z España 
650 |a Literatura Catalana -  |y Siglo XX 
650 |a Literatura Española -  |y Siglo XX 
700 |a Torrent, Dani  |e (ilustración) 
700 |a Riera, Carme  |e (traducción) 
910 |a Fondo General 
920 |a Impresos - Libros 
930 |a Colección General 
940 |a Literatura 
905 |a 101 
901 |a 0500353945  |b IT1  |c LIT  |d ES  |i C175544  |u 20250521 
902 |a https://opac.biblio.iteso.mx/vufind/Record/000434353